SAPURNA MARATHI SHABHDHASARGHA VYKARAN (Record no. 1219732)

MARC details
000 -LEADER
fixed length control field 00375nam a2200157Ia 4500
008 - FIXED-LENGTH DATA ELEMENTS--GENERAL INFORMATION
fixed length control field 260407s2026 xx 000 0 und d
041 ## - LANGUAGE CODE
Language code of text/sound track or separate title eng
082 ## - DEWEY DECIMAL CLASSIFICATION NUMBER
Classification number 491.46/SAG
Item number 12240
100 ## - MAIN ENTRY--PERSONAL NAME
Personal name K.SAGAR
245 ## - TITLE STATEMENT
Title SAPURNA MARATHI SHABHDHASARGHA VYKARAN
250 ## - EDITION STATEMENT
Edition statement 49TH
260 ## - PUBLICATION, DISTRIBUTION, ETC.
Place of publication, distribution, etc. PUNE
Name of publisher, distributor, etc. K.SAGAR PUB HOUSE
300 ## - PHYSICAL DESCRIPTION
Extent 388p
650 ## - SUBJECT ADDED ENTRY--TOPICAL TERM
Topical term or geographic name entry element GENERAL
650 ## - SUBJECT ADDED ENTRY--TOPICAL TERM
Topical term or geographic name entry element GENERAL
Holdings
Withdrawn status Lost status Damaged status Not for loan Home library Current library Date acquired Cost, normal purchase price Total Checkouts Full call number Barcode Date last seen Price effective from Koha item type
        College of Pharmacy, Kolhapur College of Pharmacy, Kolhapur 08/04/2026 445.00   491.46/SAG/12240 PCK-12240 08/04/2026 08/04/2026 Book